000 00915nmc a2200277 a 4500
003 AR-BaBNM
005 20251128203906.0
008 136019s1980 ||||||||||||||000 | spa||
040 _cAR-BaBNM
100 1 _aGioja, Rolando I.
245 1 0 _aPlaneamiento educativo
_bfundamentos geográficos, ecología social y economía en los niveles medio y superior de la educación
250 _a1ª ed.
260 _aBuenos Aires
_bPaidós
_c1980
300 0 _a151 p.
_bdiagr., mapas, tablas
490 0 _aBiblioteca del educador contemporáneo. Fundamental
_vv. 20
500 0 _aGlosario: p. 139-151
650 4 _aPLANES EDUCACIONALES
650 4 _aPLANIFICACION DE LA EDUCACION
650 4 _aPLANIFICACION DE RECURSOS HUMANOS
650 4 _aUNIVERSIDADES
650 4 _aECOLOGIA
800 1 _aRomero Brest, Gilda Lamarque de
_edirector
800 1 _aBernstein, Jaime
_edirector
942 _cBK
998 _cSILVI
999 _c5360
_d5360